Statistics for Avatar the last airbender characters

Click here to take the quiz!

General Stats

  • This quiz has been taken 714 times
    (657 since last reset)
  • The average score is 10 of 10

Answer Stats

HintAnswer% Correct
Main Character and AvatarAang
100%
Avatar's waterbending friendKatara
99%
Fire nation prince band from the fire nationZuko
99%
Avatar's flying bisonAppa
98%
Blind earthebenderToph Beifong
98%
Fire nation's princess who can bend lightningAzula
97%
Avatar's lemur companionMomo
97%
Water bender's brotherSokka
97%
Fire nation prince's uncleIroh
96%
Leader of the fire nationOzai
92%

Score Distribution

Percentile by Number Answered

Percent of People with Each Score

Your Score History

You have not taken this quiz since the last reset